header

The idea of prostitution (Record no. 21805)

MARC details
000 -LEADER
fixed length control field 01126nam a2200313 a 4500
100 1# - MAIN ENTRY--AUTHOR NAME
Personal name Jeffreys, Sheila.
245 14 - TITLE STATEMENT
Title The idea of prostitution
260 ## - PUBLICATION, DISTRIBUTION, ETC. (IMPRINT)
Place of publication North Melbourne :
Name of publisher Spinifex,
Year of publication 1997.
300 ## - PHYSICAL DESCRIPTION
Number of Pages viii, 398 p.
650 #0 - SUBJECT ADDED ENTRY--TOPICAL TERM
Topical Term Prostitution.
Topical Term Sexual ethics.
Topical Term Feminist theory.
856 40 - ELECTRONIC LOCATION AND ACCESS
Uniform Resource Identifier http://site.ebrary.com/lib/rucke/Doc?id=10273695

No items available.

© 2026 Rongo University
Contact us: librarian | system librarian | Rongo university